[Event "5' Festival Internazionale"]
[Site "Fermo"]
[Date "2021.02.14"]
[Round "4"]
[White "Doric  , Senad"]
[Black "Luciani , Valerio"]
[Result "1-0"]
[WhiteElo "2052"]
[BlackElo "2088"]
[PlyCount "67"]
[EventDate "2021.02.21"]
[SourceDate "2021.02.21"]

1. d4 Nf6 2. c4 g6 3. f3 d5 4. cxd5 Nxd5 5. e4 Nb6 6. Be3 Bg7 7. Nc3 Nc6 8. d5
Ne5 9. Qb3 O-O 10. O-O-O c6 11. dxc6 Qc7 12. cxb7 Bxb7 13. Bxb6 axb6 14. Bb5
Ba6 15. Bxa6 Rxa6 16. Nge2 Nc4 17. Kb1 e6 18. Rd3 Rc8 19. Rhd1 Raa8 20. f4 Qc5
21. e5 Qf2 22. g3 Qxh2 23. Nd4 h5 24. Ne4 h4 25. Nf3 Qg2 26. Rg1 Qe2 27. Re1
Qg2 28. Nxh4 Qh2 29. Nf3 Qg2 30. Rc3 b5 31. Rc2 Qh3 32. Rh2 Qf5 33. Nd4 Qg4 34.
Rh4 1-0